แสดงรายละเอียดบรรณานุกรม
  กลับหน้าหลัก

Brief Record : Get Marc (ISO 2709) : E-mail record : QR code ปิดหน้าต่าง
E-books : เกี่ยวกับ Collections
LEADER 00000nam 2200000uu 4500
001    211339
003     ULIBM
008    020711s2559 th a 000 0 tha d
041    ^atha^beng
090    ^aวจ WY20.5 อ525ก 2559
100    อัญชลี อมาตยกุล...[และคนอื่นๆ]
245    การประเมินโครงการศูนย์ความเป็นเลิศทางวิชาการ ด้านสุขภาพของวิทยาลัยในสังกัดสถาบันพระบรมราชชนก =^bThe evaluation of the project on development of excellent center in health technology of colleges under the jurisdiction of prabobomarajchanok institute for health workforce development/^cอัญชลี อามตยกุล...[และคนอื่นๆ]
246 31 ^aThe evaluation of the project on development of excellent center in health technology of colleges under the jurisdiction of prabobomarajchanok institute for health workforce development
260    นนทบุรี :^bสถาบันพระบรมราชชนก สำนักงานปลัดกะทรวงสาธารณสุข,^c2559
300    ก-จ,96 หน้า :^bตาราง ;^c29 ซม.
650  4 ความเป็นเลิศทางวิชาการ^xวิจัย
650  4 ^aสถาบันพระบรมราชชนก^xวิจัย
650  4 ^aสุขภาพ
650  4 ^aพยาบาล^xความเป็นเลิศทางวิชาการ^xวิจัย
700 0  ^aอัญชลี อามตยกุล
710 2  ^aสำนักงานปลัดกะทรวงสาธารณสุข. สถาบันพระบรมราชชนก
999    ^aใช้งานได้ทุกระบบ
รายการนี้ยังไม่มีแท็ก
คุณยังไม่ได้ล็อกอิน คุณสามารถมีกิจกรรมร่วมกับเว็บไซต์ได้ แต่ต้องล็อกอินก่อน ::
  ล็อกอิน
ลำดับที่ ประเภท เลขเรียก สถานที่ สถานะ
1. งานวิจัย
งานวิจัย
วจ WY20.5 อ525ก 2559  
  
ชั้นหนังสือวิจัย On Shelf
  ขอยืม
   [แสดง 1/1 รายการ]

รายการใกล้เคียง
    หัวเรื่อง [สุขภาพ]

BibComment


ยังไม่เคยถูกคอมเมนท์

คอมเมนท์ทรัพยากรรายการนี้
  คอมเมนท์: การประเมินโครงการ..
Bib 211339

 
 
 

 Union Library Management : ULibM
Copyright 2026. All Rights Reserved.
скачать бесплатно без регистрации порно красивый секс HD Sex Hindi sex

xxx gou

xxxx

bfxxx

xxxwww

Секса Видео

xxxx

Секса Видео

detube

geilexxx

C99 Shell

worms shell

blod xxx video
Ebony Coed Rihanna Rimes Takes A Dick In Her Young Twat priyaa indian fuck anal and pusssy hardcore indian women xxx desi hardcore fucking part 1 bengalixxxcouple